00615nam a2200193Ia 4500008004100000020001800041082001500059100001700074245005600091250000700147260003700154300001900191500001900210600002200229650001500251942000700266952013100273999001700404240925s9999 xx 000 0 und d a9789350142585 a621.31 GUP aGupta, J. B. 0aUtilization of Electric Power and Electric Traction aNA aNew Delhi:bKatson Booksc,2013. a640p.bN.AfNA aIncludes Index aPower Engineering aTechnology cBK 001040708ELaUITUbUITUd2016-05-18eRoyal Book Companyg604.50l0o621.31 GUPpQ10851r2024-09-25 07:15:51w2024-09-25yBK c13350d13350